000 00239nam a2200097Ia 4500
008 191206s9999 xx 000 0 und d
090 _aQH505.B665
245 0 _aBiological physics
260 _aAmerican Institute of Physics
260 _ccc1974
999 _c15552
_d15552